000 00676cam a2200217 4500500
005 20260329004020.0
041 _afre
042 _adc
100 1 0 _aLacroix, Alexandre
_eauthor
245 0 0 _aDaniel Mendelsohn. Une journée dans la vie d’un helléniste passionné
260 _c2017.
500 _a4
690 _aAntiquité
690 _aDaniel Mendelsohn
690 _aGrèce
690 _aGrèce Antique
690 _aIliade
690 _aOdyssée
786 0 _nPhilosophie magazine | 115 | 12-1 | 2017-12-01 | p. 11-13 | 1951-1787
856 4 1 _uhttps://shs.cairn.info/magazine-philosophie-magazine-2017-12-1-page-11?lang=fr&redirect-ssocas=7080
999 _c1829786
_d1829786